000 00562pam a2200217 a 4500
001 1424307
005 20180222065704.0
008 840618s1984 nyu b 001 0 eng
010 _a 84013844
020 _a0671250302
040 _aDLC
_cDLC
_dDLC
041 _aeng
080 _a330 SIL
082 0 0 _a330 SIL
_219
100 1 _a52
101 _aEKO
245 1 0 _aEconomics in the real world /
_cby Leonard Silk.
504 _aIncludes bibliographical references and index.
906 _a7
_bcbc
_corignew
_d1
_eocip
_f19
_gy-gencatlg
942 _2ddc
_cBK
999 _c43178
_d43178